| 000 | 00367nam a2200157Ia 4500 | ||
|---|---|---|---|
| 008 | 230312s9999||||xx |||||||||||||| ||und|| | ||
| 020 | _a981-243-854-8 | ||
| 082 |
_a658.3 _bDES |
||
| 100 | _aDesimone Randy L. | ||
| 245 | 0 | _aHuman Resouce Development | |
| 260 |
_bThomson _aAustralia _c2002 |
||
| 300 | _a712 | ||
| 546 | _aEng. | ||
| 650 | _aManagement | ||
| 942 | _cBK | ||
| 999 |
_c6380 _d6380 |
||